000 00337 a2200157 4500
001 62402
020 _a8573162600
040 _cAnchieta - Pituba
100 _aFranco, Tasso
240 1 0 _aCatarina Paraguaçu
_lpor
245 1 0 _aCatarina Paraguaçu
300 _a150
362 0 _a2001
650 4 _aFicção brasileira
942 _cBK
999 _c62402
_d62402